|
|
|
|
| LEADER |
00000naa2a2200000 4500 |
| 001 |
174627 |
| 005 |
20231031164858.0 |
| 035 |
|
|
|a (RuTPU)RU\TPU\book\189358
|
| 090 |
|
|
|a 174627
|
| 100 |
|
|
|a 20100201d2009 k y0rusy50 ca
|
| 101 |
0 |
|
|a rus
|
| 102 |
|
|
|a RU
|
| 200 |
1 |
|
|a Инженерный консалтинг и инжиниринг
|f М. В. Садовский
|g науч. рук. Э. П. Петкау
|
| 463 |
|
0 |
|0 (RuTPU)RU\TPU\book\182778
|t Прогрессивные технологии и экономика в машиностроении
|o труды XIII региональной научно-практической конференции студентов и учащейся молодежи , 9-10 апреля 2009 г., Юрга
|f Томский политехнический университет (ТПУ), Юргинский технологический институт (ЮТИ) ; Прогрессивные технологии и экономика в машиностроении ; отв. за вып. Д. А. Чинахов
|v С. 78-81
|d 2009
|p 357 с.
|
| 610 |
1 |
|
|a инжиниринг
|
| 610 |
1 |
|
|a консалтинг
|
| 610 |
1 |
|
|a машиностроительные заводы
|
| 610 |
1 |
|
|a предприятия
|
| 610 |
1 |
|
|a модели
|
| 610 |
1 |
|
|a производство
|
| 610 |
1 |
|
|a технологии
|
| 610 |
1 |
|
|a труды учёных ТПУ
|
| 700 |
|
1 |
|a Садовский
|b М. В.
|
| 702 |
|
1 |
|a Петкау
|b Э. П.
|4 727
|
| 801 |
|
1 |
|a RU
|b 63413507
|c 20100201
|
| 942 |
|
|
|c BK
|